Richard Leakey. Ľudia sú len čudné opice

Bibliographic Details
Main Authors: Kasarda, Martin, 1968- (Author), Leakey, Richard E., 1944-2022 (Author)
Format: Article
Language:Slovak
Subjects:

MARC

LEADER 00000nab a2200000 a 4500
001 vtls000581590
003 SK-MaSNL
005 20260304212534.0
008 220422c1996 xo 0 slo
015 |a SNBRB19rr/mm-uuuuu 
035 |a CL0581728 
040 |a SNKBUCL  |b slo  |c SNKBUCL  |e AACR2 
041 0 |a slo 
044 |a xo  |c SK 
080 |a 572(048)  |2 1981 
100 1 |a Kasarda, Martin,  |d 1968-  |4 aut  |9 116347 
245 1 0 |a Richard Leakey. Ľudia sú len čudné opice  |c Martin Kasarda 
650 0 7 |a človek  |2 snkbucl  |9 16150 
650 0 7 |a antropológia  |2 snkbucl  |9 717 
655 7 |a články z novín a časopisov  |2 snkbucl  |9 267496 
700 1 |a Leakey, Richard E.,  |d 1944-2022  |4 aut  |9 213215 
773 0 |t Národná obroda  |g Roč. 7, č. 90 (18. 4. 1996), s. 10 
787 0 8 |i Rec.:  |a Leakey, Richard  |t Pôvod ľudstva  |d Bratislava : Archa, 1996 
850 |a Slovenská národná knižnica v Martine  |a MTA001 
852 |a SNK  |b KIS3GCP 
958 |a RK 
958 |a ME 
992 |a RBX 
999 |c 3131839  |d 3133769